[Event "International Championship of Central S"]
[Site "Paracin"]
[Date "2012.07.09"]
[Round "4.2"]
[White "Damljanovic, Branko"]
[Black "Vovk, Yuri"]
[Result "1/2-1/2"]
[WhiteElo "2564"]
[BlackElo "2584"]
[PlyCount "106"]
[EventDate "2012.??.??"]

1. Nf3 Nf6 2. c4 g6 3. Nc3 Bg7 4. e4 d6 5. d4 O-O 6. h3 e5 7. d5 Nh5 8. Be3 f5
9. c5 f4 10. Bd2 dxc5 11. Bc4 Kh8 12. a4 Nd7 13. O-O Nb6 14. Bd3 a5 15. Re1 Bd7
16. Bb5 c6 17. dxc6 bxc6 18. Be2 Be6 19. Nb1 Nf6 20. Bf1 Nfd7 21. Bc3 Qc7 22.
b3 c4 23. b4 axb4 24. Bxb4 Rfd8 25. a5 Nc8 26. Nbd2 Nd6 27. Bxd6 Qxd6 28. Bxc4
Nc5 29. Qc2 Bf6 30. Bxe6 Nxe6 31. Rec1 Ra6 32. Nc4 Qc7 33. Nb6 Rd6 34. Nc4 Rd8
35. Rab1 Rb8 36. Rxb8+ Qxb8 37. Rb1 Qc7 38. Qb2 Nc5 39. Qa3 Qe7 40. Rb6 Ra7 41.
Rxc6 Nxe4 42. Qxe7 Bxe7 43. Nfxe5 Bc5 44. Nd3 Bd4 45. Re6 Nxf2 46. Nxf2 Rc7 47.
Kf1 Rxc4 48. Nd3 Ra4 49. a6 Ra2 50. h4 Kg7 51. Re4 Be3 52. Nxf4 Bxf4 53. Rxf4
Rxa6 1/2-1/2

[Event "International Championship of Central S"]
[Site "Paracin"]
[Date "2012.07.09"]
[Round "4.3"]
[White "Nenezic, Marko"]
[Black "Gleizerov, Evgeny"]
[Result "0-1"]
[WhiteElo "2346"]
[BlackElo "2565"]
[PlyCount "113"]
[EventDate "2012.??.??"]

1. Nf3 d5 2. d4 c5 3. c4 cxd4 4. cxd5 Nf6 5. Qxd4 Qxd5 6. Nc3 Qxd4 7. Nxd4 Bd7
8. Ndb5 Kd8 9. Bf4 Nc6 10. O-O-O a6 11. Na3 b5 12. Nc2 e6 13. e4 Ng4 14. Bg3
Bc5 15. Rd2 g5 16. h4 f6 17. hxg5 fxg5 18. e5 Ngxe5 19. Rh5 Be7 20. Be2 Kc8 21.
f4 Nf7 22. Bf3 Ra7 23. Kb1 h6 24. Ne4 Rg8 25. Ne3 gxf4 26. Bxf4 Ng5 27. Rxh6
Nxf3 28. gxf3 Rf8 29. Bd6 Bxd6 30. Nxd6+ Kd8 31. Ng4 Rxf3 32. Nf6 Ne5 33. a3
Ke7 34. Nde4 Nf7 35. Rg6 Bc6 36. Ng8+ Kf8 37. Nc5 Bd5 38. Nf6 Ne5 39. Nxd5 Rf1+
40. Ka2 Nxg6 41. Nxe6+ Kf7 42. Ng5+ Ke8 43. Re2+ Kd8 44. Nb4 Ne7 45. Ne6+ Kc8
46. Rc2+ Kb8 47. Nd4 Ka8 48. Re2 Rf6 49. Re5 Rd6 50. Nb3 Rc7 51. Na5 Nc8 52.
Nb3 Ka7 53. Nd5 Rf7 54. Nb4 Nb6 55. Na5 Nc4 56. Nd5 Rb7 57. Nb4 0-1

[Event "International Championship of Central S"]
[Site "Paracin"]
[Date "2012.07.09"]
[Round "4.4"]
[White "Kadric, Denis"]
[Black "Matsenko, Sergei"]
[Result "1-0"]
[WhiteElo "2420"]
[BlackElo "2460"]
[PlyCount "55"]
[EventDate "2012.??.??"]

1. e4 c5 2. Nf3 Nc6 3. d4 cxd4 4. Nxd4 Qc7 5. Nc3 e6 6. Be3 a6 7. f4 b5 8. Bd3
Bb7 9. Nb3 Na5 10. O-O Nc4 11. Bd4 Nf6 12. Qe2 d6 13. a4 b4 14. Bxf6 gxf6 15.
Nd5 exd5 16. exd5+ Ne5 17. fxe5 fxe5 18. Qf3 Rc8 19. Kh1 h5 20. Na5 Ra8 21. c3
b3 22. Ra3 Bc8 23. Rxb3 Bg7 24. Nc4 f5 25. Nb6 Rb8 26. Bxf5 Rf8 27. Bg6+ Ke7
28. Qxf8+ 1-0

[Event "International Championship of Central S"]
[Site "Paracin"]
[Date "2012.07.09"]
[Round "4.6"]
[White "Stojanovski, Dejan"]
[Black "Lukovic, Vladimir"]
[Result "1-0"]
[WhiteElo "2430"]
[BlackElo "2329"]
[PlyCount "137"]
[EventDate "2012.??.??"]

1. e4 e5 2. Nf3 Nc6 3. Bb5 a6 4. Bxc6 dxc6 5. Nc3 f6 6. d4 exd4 7. Qxd4 Qxd4 8.
Nxd4 Bd7 9. Be3 O-O-O 10. O-O-O Ne7 11. f3 h5 12. h4 Ng6 13. Nde2 Bd6 14. Na4
Kb8 15. Nc5 Bc8 16. Nd3 b6 17. Nef4 Ne5 18. Nxe5 fxe5 19. Nd3 Rhf8 20. c4 c5
21. Kc2 Be6 22. Kc3 Kb7 23. a3 Ra8 24. a4 Kc6 25. b3 Ra7 26. Bf2 Re8 27. Bg3
Bg8 28. Ra1 Raa8 29. Bf2 Be6 30. Rhd1 Bd7 31. Be3 Be6 32. Rd2 Kb7 33. Bg5 Bf7
34. Nf2 Re6 35. Nd1 Bf8 36. Ne3 Rd6 37. Nf5 Rxd2 38. Kxd2 g6 39. Ne3 c6 40. Kc3
Rc8 41. a5 b5 42. Nd1 Rc7 43. Bf6 Bd6 44. Nf2 Rc8 45. Nd3 Re8 46. Bg5 Kc7 47.
Rh1 Bf8 48. Ra1 Bg8 49. Rc1 Kc8 50. Kb2 Kc7 51. Kc3 Kc8 52. Be3 Rd8 53. Nxc5
Bxc5 54. Bxc5 Rd7 55. Bf2 Re7 56. Bg3 c5 57. Rd1 b4+ 58. Kc2 Kc7 59. Bf2 Kc6
60. Rd8 Be6 61. Rb8 Rb7 62. Rxb7 Kxb7 63. Bxc5 Kc6 64. Bxb4 Bd7 65. Bf8 Be8 66.
Kd3 Kd7 67. Bg7 Kd6 68. b4 Bc6 69. g3 1-0

[Event "International Championship of Central Se"]
[Site "Paracin, hotel "]
[Date "2012.07.09"]
[Round "4.9"]
[White "Cvitan, Ognjen"]
[Black "Andrijevic, Milan"]
[Result "1-0"]
[WhiteElo "2538"]
[BlackElo "2345"]
[PlyCount "99"]
[EventDate "2012.07.06"]

1. d4 d5 2. c4 e6 3. Nc3 Nf6 4. Nf3 c5 5. cxd5 Nxd5 6. e3 Nc6 7. Bd3 cxd4 8.
exd4 Be7 9. O-O O-O 10. Re1 Nf6 11. a3 b6 12. Bc2 Ba6 13. Bg5 Rc8 14. Qd2 Bc4
15. Qf4 g6 16. Bh6 Nh5 17. Qe3 Re8 18. Rad1 Bd5 19. Ne5 Bf8 20. Ba4 f6 21. Nxc6
Bxc6 22. Bb3 Bxh6 23. Qxh6 Ng7 24. Rd3 Qd7 25. h4 Bd5 26. Nxd5 exd5 27. Rxe8+
Rxe8 28. Qf4 Re6 29. Rc3 Rd6 30. Rc8+ Qxc8 31. Qxd6 Nf5 32. Qxd5+ Kh8 33. g3
Ng7 34. Qf7 Qd8 35. Qxa7 Nf5 36. h5 gxh5 37. Bc2 Ne7 38. Qb7 Kg7 39. b4 Kf8 40.
Qe4 h6 41. Bb3 Kg7 42. Qe6 Nc8 43. Qf7+ Kh8 44. Qg6 Qf8 45. Bc2 Qg7 46. Qe8+
Qg8 47. Qxh5 Qf8 48. Qg6 Qg7 49. Qf5 Qg8 50. Qd7 1-0

[Event "International Championship of Central Se"]
[Site "Paracin, hotel "]
[Date "2012.07.09"]
[Round "4.10"]
[White "Savic, Miodrag R"]
[Black "Irizanin, Radoje"]
[Result "1-0"]
[WhiteElo "2517"]
[BlackElo "2344"]
[PlyCount "81"]
[EventDate "2012.07.06"]

1. e4 Nf6 2. e5 Nd5 3. d4 d6 4. c4 Nb6 5. exd6 exd6 6. Bd3 Nc6 7. Ne2 Nb4 8.
Nbc3 Nxd3+ 9. Qxd3 Be7 10. O-O O-O 11. b3 Re8 12. Bf4 Bg4 13. Ng3 Bh4 14. h3
Bxg3 15. Qxg3 Bh5 16. a4 Nd7 17. Rfe1 Rxe1+ 18. Rxe1 Bg6 19. Nd5 Nf8 20. Bg5 f6
21. Bxf6 gxf6 22. Re8 Qxe8 23. Nxf6+ Kg7 24. Nxe8+ Rxe8 25. c5 Rd8 26. f4 dxc5
27. dxc5 Rd5 28. Qc3+ Kg8 29. c6 b6 30. b4 a5 31. b5 Rd3 32. Qe5 Rd1+ 33. Kh2
Rd2 34. f5 Bf7 35. Qg3+ Ng6 36. fxg6 hxg6 37. Qxc7 Bd5 38. Qg3 Be4 39. c7 Bf5
40. c8=Q+ Bxc8 41. Qxg6+ 1-0

[Event "International Championship of Central Se"]
[Site "Paracin, hotel "]
[Date "2012.07.09"]
[Round "4.11"]
[White "Lajthajm, Borko"]
[Black "Kholopov, Alexander A"]
[Result "0-1"]
[WhiteElo "2492"]
[BlackElo "2289"]
[PlyCount "116"]
[EventDate "2012.07.06"]

1. d4 f5 2. c4 Nf6 3. Nc3 d6 4. Bg5 Nbd7 5. Qc2 g6 6. e4 fxe4 7. Nxe4 Bg7 8.
Nxf6+ exf6 9. Be3 O-O 10. Bd3 c5 11. Ne2 Qa5+ 12. Bd2 Qb6 13. Bc3 f5 14. dxc5
Qxc5 15. h4 Ne5 16. Nf4 Nxd3+ 17. Qxd3 Bxc3+ 18. Qxc3 Re8+ 19. Kf1 Re4 20. g3
Qxc4+ 21. Qxc4+ Rxc4 22. Kg2 Bd7 23. Rhd1 Rc2 24. Rxd6 Bc6+ 25. Kg1 Re8 26. h5
g5 27. Ne6 Re2 28. Rxc6 bxc6 29. Nd4 Re1+ 30. Rxe1 Rxe1+ 31. Kg2 c5 32. Nxf5
Re2 33. b3 Rxa2 34. Kf3 Kf7 35. Nd6+ Ke6 36. Ne4 h6 37. Nxc5+ Kd5 38. Ne4 Ke5
39. Ke3 Ra1 40. Nd2 Re1+ 41. Kf3 Rh1 42. Kg4 Rd1 43. Nc4+ Ke6 44. Ne3 Rd4+ 45.
f4 gxf4 46. gxf4 Rd3 47. Nf5 Rc3 48. b4 Rc7 49. Nxh6 Rg7+ 50. Kf3 Rh7 51. Ng4
Rxh5 52. Ne5 Kd5 53. Kg4 Rh6 54. b5 Rb6 55. Nc6 Rxb5 56. Nxa7 Rb7 57. Nc8 Kc6
58. f5 Kc7 0-1

[Event "International Championship of Central Se"]
[Site "Paracin, hotel "]
[Date "2012.07.09"]
[Round "4.12"]
[White "Miljkovic, Miroslav D"]
[Black "Doric, Nenad"]
[Result "1/2-1/2"]
[WhiteElo "2463"]
[BlackElo "2330"]
[PlyCount "120"]
[EventDate "2012.07.06"]

1. d4 Nf6 2. c4 e6 3. Nc3 d5 4. Bg5 Be7 5. e3 O-O 6. Nf3 h6 7. Bh4 Ne4 8. Bxe7
Qxe7 9. Rc1 c6 10. Bd3 Nxc3 11. Rxc3 dxc4 12. Bxc4 Nd7 13. Qc2 b6 14. Bd3 c5
15. Bh7+ Kh8 16. Be4 Rb8 17. O-O e5 18. Bc6 exd4 19. exd4 cxd4 20. Nxd4 Nf6 21.
Qa4 a5 22. Rfc1 Bb7 23. h3 Rfd8 24. Bxb7 Rxb7 25. Nc6 Qd7 26. Qb3 Rc8 27. Rd1
Qe6 28. Nxa5 Rxc3 29. bxc3 Rc7 30. Rd8+ Kh7 31. Qxe6 fxe6 32. Nb3 Rxc3 33. Rd6
Rc2 34. Rxb6 Rxa2 35. Rxe6 Ra4 36. Nc5 Ra7 37. g3 Kg8 38. Kg2 Kf7 39. Re3 Re7
40. Rf3 h5 41. Nd3 g6 42. Nb4 Re5 43. Ra3 Re7 44. Nc6 Rc7 45. Ra6 Kg7 46. Nd4
Rd7 47. Ne6+ Kf7 48. Nf4 Rb7 49. h4 Rd7 50. Ne6 Re7 51. Ng5+ Kg7 52. Rc6 Ra7
53. Ne6+ Kf7 54. Nf4 Rd7 55. Ra6 Rd2 56. Ra7+ Rd7 57. Ra2 Rb7 58. Ra5 Ng4 59.
Ra6 Rb2 60. Ra7+ Kf6 1/2-1/2

[Event "International Championship of Central Se"]
[Site "Paracin, hotel "]
[Date "2012.07.09"]
[Round "4.13"]
[White "Bogdanovski, Vlatko"]
[Black "Ardeleanu, Alin"]
[Result "1/2-1/2"]
[WhiteElo "2454"]
[BlackElo "2335"]
[Annotator "Milojevic,Boban"]
[PlyCount "72"]
[EventDate "2012.07.06"]

1. d4 Nf6 2. Nf3 g6 3. Bg5 Bg7 4. c3 d6 5. Nbd2 c5 6. e3 O-O 7. Bc4 cxd4 8.
exd4 Nc6 9. O-O h6 10. Bxf6 Bxf6 11. Re1 d5 12. Bd3 Bg4 13. h3 Bxf3 14. Nxf3 e6
15. Ne5 Nxe5 16. dxe5 Bg7 17. g3 Qc7 18. Qe2 Qc5 19. Kg2 a6 20. f4 Rac8 21.
Rac1 b5 22. Kh2 Rfd8 23. Rc2 Rb8 24. a3 a5 25. Rb1 Qb6 26. Rbc1 h5 27. h4 Bh6
28. Kh3 Rdc8 29. Qf3 b4 30. cxb4 Rxc2 31. Rxc2 axb4 32. a4 Bf8 33. Qf2 Qxf2 34.
Rxf2 Rc8 35. Rf1 Ra8 36. Bb5 Bc5 {... necitko} 1/2-1/2

[Event "International Championship of Central Se"]
[Site "Paracin, hotel "]
[Date "2012.07.09"]
[Round "4.14"]
[White "Skovgaard, Peter"]
[Black "Maksimovic, Branimir"]
[Result "1-0"]
[WhiteElo "2306"]
[BlackElo "2452"]
[PlyCount "95"]
[EventDate "2012.07.06"]

1. e4 e6 2. d4 d5 3. e5 c5 4. c3 Nc6 5. Nf3 Bd7 6. Be2 Nge7 7. O-O cxd4 8. cxd4
Nf5 9. Na3 Qb6 10. Nc2 Rc8 11. Bd3 a5 12. Bxf5 exf5 13. Ne3 Be6 14. a3 Be7 15.
Qd3 g6 16. g3 h6 17. h4 a4 18. Bd2 Na5 19. Bxa5 Qxa5 20. Rfc1 Rc6 21. Ne1 Rb6
22. Rc2 Rb3 23. Qd2 Qb6 24. N1g2 g5 25. f4 gxh4 26. gxh4 Rg8 27. Kh2 Qd8 28.
Qf2 Bxh4 29. Nxh4 Rxe3 30. Rg1 Rxg1 31. Kxg1 Re4 32. Ng2 Qb6 33. Rc5 Qb3 34.
Kh2 Kd7 35. Qd2 b6 36. Rc3 Qb5 37. Rc2 Ke8 38. Qc3 Qc4 39. Qd2 Rxd4 40. Qf2 Qd3
41. Rc7 Rc4 42. Ra7 Qd1 43. Qh4 Bd7 44. e6 fxe6 45. Qxh6 Qd4 46. Qg6+ Kd8 47.
Qg5+ Ke8 48. Qg8+ 1-0

[Event "International Championship of Central Se"]
[Site "Paracin, hotel "]
[Date "2012.07.09"]
[Round "4.15"]
[White "Popovic, Aleksandar M"]
[Black "Martinovic, Slobodan"]
[Result "0-1"]
[WhiteElo "2288"]
[BlackElo "2447"]
[Annotator "Milojevic,Boban"]
[PlyCount "73"]
[EventDate "2012.07.06"]

1. g3 d5 2. Bg2 e5 3. c4 d4 4. d3 Nc6 5. a3 a5 6. Nf3 Nf6 7. O-O Be7 8. e4 Nd7
9. b3 Nc5 10. Re1 g5 11. Re2 h5 12. Raa2 Bg4 13. Reb2 f6 14. Qf1 h4 15. Ne1 Qd7
16. Bd2 Bd1 17. Nc2 Bxc2 18. Rxc2 Nxb3 19. Qd1 g4 20. Bf1 Kf7 21. Be1 Rag8 22.
Rab2 Nc5 23. f3 f5 24. exf5 Qxf5 25. Rg2 gxf3 26. Rbf2 Ke8 27. Rxf3 Qh7 28.
gxh4 Rxg2+ 29. Bxg2 e4 30. dxe4 Nxe4 31. Rf4 Rg8 32. Qf3 Nc5 33. Nd2 Nd3 34.
Re4 Nxe1 35. Rxe1 Qxh4 36. Rf1 Qg4 37. Kh1 {... necitko} 0-1

[Event "International Championship of Central Se"]
[Site "Paracin, hotel "]
[Date "2012.07.09"]
[Round "4.17"]
[White "Selbes, Tarik"]
[Black "Nestorovic, Nikola"]
[Result "1-0"]
[WhiteElo "2257"]
[BlackElo "2436"]
[PlyCount "69"]
[EventDate "2012.07.06"]

1. e4 e5 2. Nf3 Nc6 3. Bb5 a6 4. Ba4 Nge7 5. O-O g6 6. c3 Bg7 7. d4 exd4 8.
cxd4 b5 9. Bb3 O-O 10. Nc3 d6 11. h3 Na5 12. Bc2 c5 13. Bf4 Nc4 14. Rb1 Nc6 15.
d5 Nb4 16. a3 Nxc2 17. Qxc2 f5 18. Bg5 Qa5 19. Nd2 Nxa3 20. Ra1 Nxc2 21. Rxa5
Bb7 22. Be7 Rfe8 23. Bxd6 c4 24. f3 Bd4+ 25. Kh1 Rad8 26. Bg3 Nb4 27. Nxb5 axb5
28. Rxb5 Nxd5 29. Rxb7 f4 30. Bh4 Ne3 31. Re1 Ra8 32. Bg5 Ra2 33. Bxf4 Rxb2 34.
Bxe3 c3 35. Bxd4 1-0

[Event "International Championship of Central Se"]
[Site "Paracin, hotel "]
[Date "2012.07.09"]
[Round "4.18"]
[White "Dimitrijevic, Radmilo"]
[Black "Zlatanovic, Boroljub"]
[Result "0-1"]
[WhiteElo "2236"]
[BlackElo "2428"]
[PlyCount "130"]
[EventDate "2012.07.06"]

1. e4 e6 2. d4 d5 3. exd5 exd5 4. Nf3 Nc6 5. Bb5 Bd6 6. c4 dxc4 7. d5 a6 8. Ba4
b5 9. dxc6 bxa4 10. Qxa4 Ne7 11. Nbd2 Rb8 12. a3 Rb5 13. Nxc4 Nxc6 14. O-O O-O
15. Rd1 Bg4 16. Bg5 Qc8 17. Nxd6 cxd6 18. Bf4 Bxf3 19. gxf3 Ne5 20. Bxe5 Rxe5
21. Qf4 Rf5 22. Qe4 Rg5+ 23. Kh1 Qh3 24. Rg1 d5 25. Qe3 Rh5 26. Rg2 g6 27. f4
Qd7 28. Rd1 Re8 29. Qd3 Qa4 30. b3 Qxf4 31. b4 Re6 32. Qg3 Qc4 33. Qg4 Qe2 34.
Qd4 Re4 35. Qa1 Qf3 36. Rc1 d4 37. Kg1 Rg4 38. Rg3 Rxg3+ 39. fxg3 Qe3+ 40. Kh1
Qf3+ 41. Kg1 Qe3+ 42. Kh1 Qf2 43. h4 Re5 44. Rf1 Qxg3 45. Qxd4 Qh3+ 46. Kg1
Qg3+ 47. Kh1 Qh3+ 48. Kg1 Qe3+ 49. Qxe3 Rxe3 50. a4 Rb3 51. Rf4 f5 52. Kf2 Kf7
53. Rc4 Ke6 54. h5 Kf6 55. hxg6 hxg6 56. Rc6+ Kg5 57. Rxa6 Rxb4 58. a5 Ra4 59.
Ra8 Kf4 60. a6 g5 61. Kg2 Ra2+ 62. Kf1 g4 63. a7 Kf3 64. Ke1 f4 65. Kd1 g3 0-1

[Event "International Championship of Central Se"]
[Site "Paracin, hotel "]
[Date "2012.07.09"]
[Round "4.19"]
[White "Nestorovic, Dejan"]
[Black "Nikolic, Dragovan"]
[Result "1-0"]
[WhiteElo "2404"]
[BlackElo "2261"]
[PlyCount "73"]
[EventDate "2012.07.06"]

1. d4 d5 2. c4 e6 3. Nc3 c5 4. cxd5 cxd4 5. Qa4+ Bd7 6. Qxd4 exd5 7. Qxd5 Nc6
8. Bg5 Nf6 9. Qb3 Bb4 10. e3 Qe7 11. Nf3 O-O-O 12. Be2 h6 13. Bxf6 Qxf6 14. O-O
Be6 15. Qa4 Kb8 16. Rac1 g5 17. Nb5 a6 18. Nbd4 Nxd4 19. Nxd4 Bd6 20. Nc6+ bxc6
21. Rxc6 Bd5 22. Rb6+ Bb7 23. Qxa6 Rd7 24. Bf3 Kc8 25. Bxb7+ Kd8 26. Qb5 Ke7
27. g3 h5 28. Bc6 Rc7 29. Rd1 h4 30. Be4 hxg3 31. hxg3 Rd7 32. Qf5 Qh6 33.
Rdxd6 Rxd6 34. Qe5+ Qe6 35. Rb7+ Rd7 36. Rxd7+ Kxd7 37. Bf5 1-0

[Event "International Championship of Central Se"]
[Site "Paracin, hotel "]
[Date "2012.07.09"]
[Round "4.20"]
[White "Matsenko, Andrei"]
[Black "Nestorovic, Lazar"]
[Result "0-1"]
[WhiteElo "2163"]
[BlackElo "2381"]
[PlyCount "86"]
[EventDate "2012.07.06"]

1. e4 Nc6 2. Nf3 d6 3. d4 Nf6 4. Nc3 Bg4 5. Be2 g6 6. h3 Bxf3 7. Bxf3 e5 8.
dxe5 Nxe5 9. Be2 Bg7 10. O-O O-O 11. Be3 Re8 12. f4 Nc6 13. Bf3 Nd7 14. Kh1 Nb6
15. Bg1 Nc4 16. Rb1 Qh4 17. Nd5 Qd8 18. c3 Nb6 19. Ne3 Nd7 20. Qc2 a5 21. Rbe1
a4 22. g3 Qb8 23. Nd5 Ne7 24. Nxe7+ Rxe7 25. Bg2 c6 26. Re2 Qc7 27. Rd1 Bf8 28.
Red2 Re6 29. h4 Nf6 30. Re2 b5 31. Rde1 h5 32. f5 gxf5 33. e5 dxe5 34. Qxf5
Rae8 35. Bh3 Bg7 36. Qg5 c5 37. Bxe6 Rxe6 38. Bf2 Qc6+ 39. Kg1 Nd5 40. Rxe5
Rxe5 41. Rxe5 f6 42. Qg6 Kf8 43. Bxc5+ Qxc5+ 0-1

[Event "International Championship of Central Se"]
[Site "Paracin, hotel "]
[Date "2012.07.09"]
[Round "4.21"]
[White "Chandra, Akshat"]
[Black "Del Rio De Angelis, Salvador G"]
[Result "1/2-1/2"]
[WhiteElo "2179"]
[BlackElo "2547"]
[PlyCount "48"]
[EventDate "2012.07.06"]

1. e4 d6 2. d4 Nf6 3. Nc3 g6 4. f4 Bg7 5. Nf3 O-O 6. Bd3 Nc6 7. e5 dxe5 8. dxe5
Nd5 9. Nxd5 Qxd5 10. Qe2 Bf5 11. Bxf5 gxf5 12. O-O Rfd8 13. Be3 h6 14. Rfd1 Qe4
15. c3 e6 16. Rac1 Ne7 17. Nd2 Qa4 18. Qc4 Qxc4 19. Nxc4 Nd5 20. Kf2 b6 21. Ke2
f6 22. exf6 Bxf6 23. g3 c5 24. Nd2 Kf7 1/2-1/2

[Event "International Championship of Central Se"]
[Site "Paracin, hotel "]
[Date "2012.07.09"]
[Round "4.22"]
[White "Jandric, Damjan"]
[Black "Kovacevic, Aleksandar"]
[Result "0-1"]
[WhiteElo "2010"]
[BlackElo "2537"]
[PlyCount "56"]
[EventDate "2012.07.06"]

1. e4 c5 2. Nf3 d6 3. c3 Nf6 4. h3 Nc6 5. Bd3 d5 6. e5 c4 7. Bc2 Nd7 8. e6 fxe6
9. Ng5 Nf6 10. Bxh7 Nxh7 11. Qh5+ Kd7 12. Nxh7 Qe8 13. Nf6+ exf6 14. Qxh8 b6
15. b3 Qg6 16. O-O Ne5 17. Kh1 Bb7 18. Qh4 Qd3 19. Kg1 Bd6 20. Qg3 g5 21. bxc4
dxc4 22. Qxd3 Nxd3 23. a4 g4 24. hxg4 Nf4 25. Rd1 Bxg2 26. f3 Bc5+ 27. d4 cxd3+
28. Kh2 Rh8+ 0-1

[Event "International Championship of Central Se"]
[Site "Paracin, hotel "]
[Date "2012.07.09"]
[Round "4.23"]
[White "Battey, Alexander"]
[Black "Rubil, Marko"]
[Result "1/2-1/2"]
[WhiteElo "2396"]
[BlackElo "2205"]
[PlyCount "57"]
[EventDate "2012.07.06"]

1. e4 e5 2. Nf3 Nc6 3. Bb5 a6 4. Ba4 Nf6 5. O-O Be7 6. Re1 b5 7. Bb3 d6 8. c3
O-O 9. h3 Na5 10. Bc2 c5 11. d4 Qc7 12. Nbd2 Nc6 13. d5 Nd8 14. a4 Rb8 15. axb5
axb5 16. c4 b4 17. Nf1 Ne8 18. Ne3 g6 19. Ng4 Ng7 20. Nh6+ Kh8 21. Bd2 f6 22.
Qe2 Nf7 23. Ra4 Bd7 24. Nxf7+ Rxf7 25. Ra6 Bc8 26. Ra4 Bd7 27. Ra6 Bc8 28. Ra4
Bd7 29. Ra6 1/2-1/2

[Event "International Championship of Central Se"]
[Site "Paracin, hotel "]
[Date "2012.07.09"]
[Round "4.24"]
[White "Tosic, Srecko"]
[Black "Ratkovic, Miloje"]
[Result "1-0"]
[WhiteElo "2367"]
[BlackElo "2176"]
[PlyCount "37"]
[EventDate "2012.07.06"]

1. d4 d5 2. Bf4 Nf6 3. e3 e6 4. Nd2 c5 5. c3 Nc6 6. Bd3 Bd6 7. Bg3 O-O 8. Ngf3
Qe7 9. Ne5 Nd7 10. Nxd7 Bxd7 11. Bxd6 Qxd6 12. dxc5 Qxc5 13. Bxh7+ Kxh7 14.
Qh5+ Kg8 15. Ne4 Qc4 16. Ng5 Rfd8 17. Qxf7+ Kh8 18. h4 Be8 19. Qf8# 1-0

[Event "International Championship of Central Se"]
[Site "Paracin, hotel "]
[Date "2012.07.09"]
[Round "4.26"]
[White "Tscharotschkin, Michael"]
[Black "Livaja, Mario"]
[Result "1/2-1/2"]
[WhiteElo "2176"]
[BlackElo "2277"]
[PlyCount "120"]
[EventDate "2012.07.06"]

1. e4 d6 2. c4 Nf6 3. Nc3 g6 4. d4 Bg7 5. Nf3 O-O 6. Be2 a5 7. O-O Nc6 8. a3 e5
9. d5 Ne7 10. Ne1 Nd7 11. Nd3 f5 12. f3 b6 13. Bd2 f4 14. b4 g5 15. Nb5 Rf6 16.
bxa5 bxa5 17. Be1 h5 18. Rc1 c5 19. dxc6 Nxc6 20. c5 dxc5 21. Nxc5 Nxc5 22.
Qxd8+ Nxd8 23. Rxc5 Rc6 24. Rxc6 Nxc6 25. Bc4+ Kh7 26. Bd3 Bd7 27. a4 Ra6 28.
Rf2 Nd4 29. Rb2 g4 30. fxg4 hxg4 31. Nc7 Rh6 32. Bxa5 f3 33. Bc4 fxg2 34. Rxg2
Nf3+ 35. Kf2 Bf8 36. Nd5 Bc5+ 37. Ke2 Bxa4 38. Bd8 Rxh2 39. Rxh2+ Nxh2 40. Bh4
Kg6 41. Bf2 Bd1+ 42. Ke1 Nf3+ 43. Kxd1 Bxf2 44. Ke2 Bc5 45. Ba6 Kg5 46. Bc8
Nd4+ 47. Kf2 Nb5+ 48. Kg3 Nd6 49. Bxg4 Nxe4+ 50. Kf3 Nd6 51. Bd7 e4+ 52. Ke2
Nc4 53. Nc3 Kf4 54. Bc6 e3 55. Bd5 Nd6 56. Ba8 Nf5 57. Kd3 Ba7 58. Ne2+ Ke5 59.
Nc3 Nd6 60. Nd5 Nc4 1/2-1/2

[Event "International Championship of Central Se"]
[Site "Paracin, hotel "]
[Date "2012.07.09"]
[Round "4.28"]
[White "Zajic, Milan"]
[Black "Drenchev, Petar"]
[Result "0-1"]
[WhiteElo "2151"]
[BlackElo "2506"]
[PlyCount "50"]
[EventDate "2012.07.06"]

1. e4 c5 2. Nf3 Nc6 3. d4 cxd4 4. Nxd4 Nf6 5. Nc3 d6 6. Be2 g6 7. Be3 Bg7 8.
Qd2 O-O 9. O-O-O Bd7 10. h4 h5 11. f3 Rc8 12. Nb3 Re8 13. Nd5 Nxd5 14. exd5 Ne5
15. g4 hxg4 16. f4 Nc4 17. Bxc4 Rxc4 18. Bd4 Bf5 19. c3 Be4 20. Rhg1 Bxd4 21.
Nxd4 Qa5 22. Qe2 Qxd5 23. Rxg4 Rec8 24. Rg5 e5 25. Nb3 Qc6 0-1

[Event "International Championship of Central Se"]
[Site "Paracin, hotel "]
[Date "2012.07.09"]
[Round "4.29"]
[White "Vucinic, Gojko"]
[Black "Abramovic, Bosko"]
[Result "0-1"]
[WhiteElo "2150"]
[BlackElo "2470"]
[Annotator "Milojevic,Boban"]
[PlyCount "77"]
[EventDate "2012.07.06"]

1. e4 e5 2. Nf3 Nc6 3. Bb5 a6 4. Ba4 Nf6 5. O-O Be7 6. Re1 b5 7. Bb3 d6 8. c3
O-O 9. h3 Na5 10. Bc2 c5 11. d4 Nd7 12. Nbd2 Bf6 13. d5 Nb6 14. Nf1 Bd7 15. b3
Nb7 16. Bd2 a5 17. a4 c4 18. bxc4 bxa4 19. Be3 Nxc4 20. Bxa4 Nb2 21. Qb3 Nxa4
22. Qxb7 Qc8 23. Qb3 Qxc3 24. Qxc3 Nxc3 25. Bd2 Rfc8 26. Ra3 Na4 27. Ne3 Bd8
28. Rea1 Nb2 29. Rb3 Nc4 30. Rb7 Rc7 31. Rxc7 Bxc7 32. Nf5 Kf8 33. Ne3 Nxe3 34.
Bxe3 a4 35. Bd2 Bb5 36. Rb1 Be2 37. Ra1 Ke8 38. Ra3 Bxf3 39. gxf3 {...} 0-1

[Event "International Championship of Central Se"]
[Site "Paracin, hotel "]
[Date "2012.07.09"]
[Round "4.30"]
[White "Smirnov, Boris"]
[Black "Pantelic, Sasa"]
[Result "1/2-1/2"]
[WhiteElo "2143"]
[BlackElo "2362"]
[PlyCount "110"]
[EventDate "2012.07.06"]

1. c4 Nf6 2. Nf3 g6 3. g3 Bg7 4. Bg2 O-O 5. Nc3 d6 6. O-O e5 7. d4 Nbd7 8. Qd2
c6 9. dxe5 dxe5 10. b3 Re8 11. e4 Qc7 12. Ba3 Bf8 13. Bxf8 Nxf8 14. Rad1 Bg4
15. Qd6 Qxd6 16. Rxd6 Bxf3 17. Bxf3 Ne6 18. Rfd1 Kf8 19. R6d2 Ke7 20. Bg2 g5
21. f3 Rad8 22. Ne2 Rxd2 23. Rxd2 a5 24. Nc3 Nd4 25. Kf2 Nd7 26. Ke3 Nc5 27.
Bf1 f6 28. Be2 Rg8 29. Bd1 Kd6 30. a3 Rf8 31. b4 axb4 32. axb4 Nce6 33. Ra2 Rd8
34. Ra7 Kc7 35. Ra2 h5 36. Ra3 h4 37. b5 hxg3 38. hxg3 Kb8 39. Ra2 Rh8 40. Rb2
Kc7 41. bxc6 bxc6 42. Ra2 Kd6 43. Ra5 Rh2 44. Na4 Rg2 45. c5+ Ke7 46. Ra7+ Ke8
47. Ra8+ Kf7 48. Ra7+ Kg6 49. Nb6 f5 50. Nd7 f4+ 51. gxf4 gxf4+ 52. Kd3 Rg1 53.
Kd2 Kg5 54. Ra8 Kh4 55. Rh8+ Kg3 1/2-1/2

[Event "International Championship of Central Se"]
[Site "Paracin, hotel "]
[Date "2012.07.09"]
[Round "4.33"]
[White "Miladinovic, Lena"]
[Black "Desnica, Vladan"]
[Result "0-1"]
[WhiteElo "2078"]
[BlackElo "2225"]
[PlyCount "94"]
[EventDate "2012.07.06"]

1. d4 d5 2. Nf3 e6 3. c4 Nf6 4. Bg5 Be7 5. Nc3 h6 6. Bh4 O-O 7. e3 b6 8. Qb3
Bb7 9. Bxf6 Bxf6 10. cxd5 exd5 11. Rd1 c6 12. Bd3 Nd7 13. O-O Re8 14. Rd2 Nf8
15. Rc1 Ne6 16. Qd1 c5 17. dxc5 Bxc3 18. bxc3 Nxc5 19. c4 Qf6 20. cxd5 Bxd5 21.
Bh7+ Kxh7 22. Rxd5 Rad8 23. Qc2+ Qg6 24. Qxg6+ Kxg6 25. Rcd1 Rxd5 26. Rxd5 Kf6
27. Nd4 g6 28. g4 Re4 29. h3 Ne6 30. Nb3 Ra4 31. Rd2 Nc5 32. f4 Nxb3 33. axb3
Ra3 34. Rb2 Ke6 35. Kf2 a5 36. Ke2 b5 37. h4 Kd5 38. Kd2 Kc5 39. h5 gxh5 40.
gxh5 Kb4 41. Kc2 Ra1 42. f5 Rf1 43. e4 Rf2+ 44. Kc1 Rxb2 45. Kxb2 Kc5 46. Kc3
Kd6 47. Kd3 Ke5 0-1